Clever rabbit steals the fire / (Record no. 51494)

MARC details
000 -LEADER
fixed length control field 01682nam a22003257a 4500
005 - DATE AND TIME OF LATEST TRANSACTION
control field 20110407115635.0
008 - FIXED-LENGTH DATA ELEMENTS--GENERAL INFORMATION
fixed length control field 030618s2004 nyua b b 001 0 eng
020 ## - INTERNATIONAL STANDARD BOOK NUMBER
International Standard Book Number 9788184791259
Terms of availability 25.00
035 ## - SYSTEM CONTROL NUMBER
System control number B-432189-193
037 ## - SOURCE OF ACQUISITION
Source of stock number/acquisition Blueberry Books
040 ## - CATALOGING SOURCE
Original cataloging agency dpl
Language of cataloging English
082 ## - DEWEY DECIMAL CLASSIFICATION NUMBER
Classification number S
245 ## - TITLE STATEMENT
Title Clever rabbit steals the fire /
Statement of responsibility, etc retold and illustrated by Geetika Jain and Aranya Jain
250 ## - EDITION STATEMENT
Edition statement 2nd
260 ## - PUBLICATION, DISTRIBUTION, ETC. (IMPRINT)
Place of publication, distribution, etc New Delhi
Name of publisher, distributor, etc Pratham Books
Date of publication, distribution, etc 2011
270 ## - ADDRESS
Address 633-634, 4th "C" Main, 6th 'B' Cross, OMBR Layout, Banaswadi
City Banglore
Postal code 560043
300 ## - PHYSICAL DESCRIPTION
Extent 28p.
Dimensions 28cm. (pbk)
Other physical details col. ill.
440 ## - SERIES STATEMENT/ADDED ENTRY--TITLE
Title
700 ## - ADDED ENTRY--PERSONAL NAME
Personal name Jain, Geetika
9 (RLIN) 27137
700 ## - ADDED ENTRY--PERSONAL NAME
Personal name Jain, Aranya
9 (RLIN) 27138
700 ## - ADDED ENTRY--PERSONAL NAME
Personal name Jain, Aranya
9 (RLIN) 27139
700 ## - ADDED ENTRY--PERSONAL NAME
Personal name Jain, Aranya
9 (RLIN) 27140
942 ## - ADDED ENTRY ELEMENTS (KOHA)
Source of classification or shelving scheme Dewey Decimal Classification
Item type Children Books
Call number suffix CLE
Classification part S
Holdings
Withdrawn status Lost status Source of classification or shelving scheme Damaged status Not for loan Collection code Home library Current library Date acquired Source of acquisition Cost, normal purchase price Total Checkouts Full call number Barcode Date last seen Copy number Cost, replacement price Koha item type
    Dewey Decimal Classification     Fiction Central Library Central Library 20/07/2011 Blue Berry/6363/25.3.11/83/21.3.11/31.3.11 25.00 1 S CLE B-432189 29/06/2022 1 25.00 Children Books
    Dewey Decimal Classification     Fiction Karol Bagh Karol Bagh 20/07/2011 Blue Berry/6363/25.3.11/83/21.3.11/31.3.11 25.00   S CLE B-432192 20/07/2011 1 25.00 Children Books
    Dewey Decimal Classification     Fiction Patel Nagar Patel Nagar 20/07/2011 Blue Berry/6363/25.3.11/83/21.3.11/31.3.11 25.00   S CLE B-432190 20/07/2011 1 25.00 Children Books
    Dewey Decimal Classification     Fiction Sarojini Nagar Sarojini Nagar 20/07/2011 Blue Berry/6363/25.3.11/83/21.3.11/31.3.11 25.00   S CLE B-432191 20/07/2011 1 25.00 Children Books
  Written-off vide DLB M. No. 383 dt 16.05.19 Dewey Decimal Classification     Fiction Shahdara Branch Shahdara Branch 20/07/2011 Blue Berry/6363/25.3.11/83/21.3.11/31.3.11 25.00   S CLE B-432193 20/07/2011 1 25.00 Children Books

© Delhi Public Library
Hit Counter
free hit counter